| 000 | 00952cam a22002533a 4500 | ||
|---|---|---|---|
| 001 | 23462 | ||
| 003 | PGUSA | ||
| 005 | 20140828083512.0 | ||
| 008 | 071112s2007||||xxu|||||s|||||000 | eng d | ||
| 040 |
_aPGUSA _beng |
||
| 042 | _adc | ||
| 050 | 4 | _aPZ | |
| 100 | 1 |
_aKarrik, Valerian Viliamovich, _d1869-1942 |
|
| 245 | 1 | 0 |
_aMore Russian Picture Tales _h[electronic resource] / _cValerian Viliamovich Karrik |
| 260 |
_bProject Gutenberg, _c2007 |
||
| 505 | 0 | _aThe Cock and the Bean -- The Goat and the Ram -- The Hungry Wolf -- The Peasant and the Bear -- The Dog and the Cock -- King Frost -- The Bear's Paw -- The Bear and the Old Man's Daughters -- The Straw Ox -- The Fox and the Blackbird. | |
| 506 | _aPublic domain in the USA. | ||
| 516 | _aElectronic text | ||
| 653 | _aFolklore -- Russia | ||
| 700 | 1 |
_aForbes, Nevill, _d1883-1929 |
|
| 830 | 0 |
_aProject Gutenberg _v23462 |
|
| 856 | 4 | 0 | _uhttp://www.gutenberg.org/ebooks/23462 |
| 942 | _cEB | ||
| 999 |
_c252717 _d252717 |
||